00691 2200265 4500001002100000005001500021035002000036007000300056040001700059100002700076245004700103300003100150041000800181082001000189084001600199090002000215264002600235336002100261337003000282338002300312650001300335850001000348008004100358990002600399INLIS00000000000640020260416121928 a0010-0422000005ta aSBPUPADbind0 aS. NasutionePengarang1 aDidaktik Azas-Azas Mengajar /cS. Nasution a125 hlm. :bilus. ;c16 cm0 aind a371.3 a371.3 NAS d a371.3 NAS d 9-7 a.--Bandung :bJemmars 2rdacontentaTeks 2rdamediaaTanpa Perantara 2rdacarrieravolume 4aMengajar aPUPAD260416 0  a18016/S/KAPD/PDG-2013